[Event "Bundesliga 0001"]
[Site "Germany"]
[Date "2001.03.11"]
[Round "11.4"]
[White "Timman, Jan H"]
[Black "Speelman, Jonathan S"]
[Result "0-1"]
[WhiteElo "2639"]
[BlackElo "2623"]
[Annotator "Lukacs,P"]
[PlyCount "65"]
[EventDate "2000.10.14"]
[EventType "team-tourn"]
[EventRounds "15"]
[EventCountry "GER"]
[SourceTitle "CBM 082"]
[Source "ChessBase"]
[SourceDate "2001.05.17"]
[SourceVersion "1"]
[SourceVersionDate "2001.05.17"]
[SourceQuality "1"]
[WhiteTeam "Porz"]
[BlackTeam "Luebeck"]
[WhiteTeamCountry "GER"]
[BlackTeamCountry "GER"]

1. e4 {[%mdl 4] McShane} c6 2. d4 d5 3. Nd2 dxe4 4. Nxe4 Nd7 5. Ng5 Ngf6 6. Bd3
e6 7. N1f3 Bd6 8. Qe2 h6 9. Ne4 Nxe4 10. Qxe4 Qc7 11. Qg4 Kf8 {McShane:
'Speelman's pet line in the Caro-Kann involves this odd king move (11...0-0 12.
Bxh6), not so odd when you consider how awkward the white queen looks on g4.'}
12. O-O c5 13. Qh4 b6 14. Be4 Rb8 15. Rd1 c4 {Black is still holding his own
in this variation. The K is certainly badly placed on f8 ruining the
connection between the rooks. However Black can get space on the << securing
the vital blockading square d5 for his pieces. White cannot organize a direct
->, and opening the position is a double-edged operation.} 16. c3 {Slow play
allows Black to finish his development. McShane: 'Black was threatening f7-f5
trapping the bishop'} (16. d5 e5 {Black has to avoid the early opening of the
position.} 17. Bf5 Kg8 18. Nd2 (18. Be3 Nf6 19. Bxc8 Rxc8 20. a4 Qd7 21. c3 Rc7
22. Nd2 Ng4 {/\ f5} 23. h3 Nxe3 24. fxe3 f5 25. e4 f4 26. Nf3 {White has to
blockade the >> on the light squares.} g5 27. Qh5 Qf7 28. Qg4 Qd7 $11 {
Timman-Galkin, Hoogeveen Essent 2000}) 18... Nf6 19. Bxc8 Rxc8 20. Nf1 Qb7 21.
b3 cxb3 22. cxb3 Kh7 {Black has finally finished his development.} 23. Ng3 Bc5
24. Ne4 Nxe4 25. Qxe4+ f5 26. Qxe5 Rhe8 27. Qb2 Re4 {White has won the P, but
his pieces are rather undeveloped.} 28. Be3 Bxe3 29. fxe3 Rxe3 $11 {
Wells-Speelman, GBR-ch Millfield 2000}) (16. Ne5 Nf6 17. Bf3 Bb7 18. Bxb7 Rxb7
19. b3 (19. Bf4 Nd5 20. Bg3 Bxe5 21. Bxe5 Qd7 22. Re1 f6 23. Bg3 Kf7 24. Re2 b5
25. Rae1 Rb6 {and the excellent blockading N on d5 is superior to the B.})
19... cxb3 20. cxb3 Nd5 21. Bf4 {White is happy to get rid of his "bad" B.} Qe7
22. Qg3 Nxf4 (22... Bxe5 23. Bxe5 Qg5 24. Qd3 Rd7 {and if Black can finish his
development by f6 and Kf7 he can already think on a better _|_.}) 23. Qxf4 Kg8
24. Qe4 f5 25. Qe3 Kh7 26. Rac1 Bxe5 27. Qxe5 Rd8 $11 {><d4 and ><e6 are
equally weak.}) 16... Kg8 17. Re1 (17. Ne5 g5 $1 {Black can bravely play these
sort of moves, as Karpov has demonstrated it.} 18. Qh5 Nf6 19. Qf3 Nxe4 20.
Qxe4 Bb7 $15) 17... g5 $1 {White's Q poses a problem here.} 18. Qh3 Kg7 {
McShane: 'Gradually Black's position becomes coherent, beating down on white's
kingside, while mainly because of his queen, White's position becomes more and
more contorted.'} (18... Nf6) 19. Bc2 Bb7 {Both black bishops are excellent
now.} 20. Nd2 {White cannot exploit the weakness of the >> because of his
passive pieces.} Nf6 21. f3 $2 {This is already a mistake!} (21. Nf1 {
finishing development was required.} Rbd8 $11 (21... e5 $2 22. Ne3 $1)) 21...
e5 $1 $15 {'!' McShane. McShane: 'The signal that Black is fully mobilised and
looking to grab the initiative completely.'} 22. dxe5 Bxe5 {Now Black grabs
the |^.} 23. Nf1 (23. Nxc4 $1 {was better minimizing the demage.} Bc8 24. g4 (
24. Bf5 Bxf5 25. Qxf5 Bxh2+ $19) 24... Bxc3 25. bxc3 Qxc4 $15) (23. Ne4 {
McShane to swap some pieces is the move White wants to play, but} Bc8 {is
embarrassing.}) 23... Rbe8 24. Ne3 Bc8 $1 $17 {In this whole variation White
has at least as many problems with his Q as Black has with his K.} (24... Qc5
25. Kf1 Bc8 26. Bf5 Bf4 $15) 25. Bf5 (25. g4 $2 h5 $19) 25... Bf4 26. Bxc8 Qc5
$1 {'!!' McShane. This is an important intermediate move! McShane: 'It is more
important to deal with the knight, because of the check on f5, and it cannot
be defended here, as 27.Kf2 Nd5! is bad news.'} 27. Kh1 Bxe3 28. Bd7 (28. Bxe3
Rxe3 29. Bf5 Rhe8 $17 {getting control over the e <->.}) 28... Re7 (28... Bxc1
29. Raxc1 (29. Bxe8 Bxb2 30. Rab1 Bxc3 $17) 29... Rxe1+ 30. Rxe1 Rd8 31. Bf5
Rd2 $17 {was also tempting penetrating the second rank.}) 29. Bxe3 Rxe3 30.
Rxe3 Qxe3 {McShane: 'White's position is a picture of bad coordination. Black
has a free reign on the d- and e-files, and his king is much safer.'} 31. Bb5 (
31. Ba4 Rd8 32. Qg3 Rd2 $19 {and the black pieces dominate the whole board.})
31... Qe2 32. Rg1 Rd8 33. f4 $2 (33. Qg3 {was not escape from trouble either:}
Rd1 (33... Qxb2 34. Qc7 Rd5) 34. h4 Nh5 $1 (34... Rxg1+ 35. Kxg1 Qxb2 36. Qe5)
35. Qg4 Rxg1+ 36. Kxg1 Qe1+ 37. Kh2 Qe5+ 38. Kg1 Qxb5 39. Qxh5 Qxb2 40. hxg5
Qc1+ $19) (33. f4 $2 Ne4 $19) 0-1

[Event "Linares 18th"]
[Site "Linares"]
[Date "2001.02.23"]
[Round "1"]
[White "Shirov, Alexei"]
[Black "Karpov, Anatoly"]
[Result "1/2-1/2"]
[WhiteElo "2718"]
[BlackElo "2679"]
[Annotator "Lukacs,P"]
[PlyCount "187"]
[EventDate "2001.02.23"]
[EventType "tourn"]
[EventRounds "10"]
[EventCountry "ESP"]
[EventCategory "19"]
[SourceTitle "CBM 082"]
[Source "ChessBase"]
[SourceDate "2001.05.17"]
[SourceVersion "1"]
[SourceVersionDate "2001.05.17"]
[SourceQuality "1"]

{[%mdl 4]} 1. e4 c6 2. d4 d5 3. Nc3 dxe4 4. Nxe4 Nd7 5. Ng5 Ngf6 6. Bd3 e6 7.
N1f3 Bd6 8. Qe2 h6 9. Ne4 Nxe4 10. Qxe4 c5 11. Qg4 (11. O-O Nf6 12. Qh4 (12.
Bb5+ {Topalov-Karpov, Dos Hermanos 1997 CBM 59}) 12... cxd4 (12... Qc7 {
Ivanchuk-Karpov, Dortmund 1997 CBM 60}) 13. Re1 {- Lautier-Karpov, Credit
Suisse Bllel 1997 CBM 60}) 11... Qf6 $5 {This is completely new on top level
tournaments. Other possible moves include:} (11... g5 12. dxc5 Nxc5 13. O-O (
13. Bb5+ Kf8 $1 (13... Bd7 $2 {is inferior due to} 14. Qd4) 14. O-O (14. Qd4 f6
15. O-O e5) 14... e5 $13) 13... Nxd3 14. cxd3 {Now White's P structure is also
weakened.} Bd7 15. Qh5 (15. Qd4 Ke7 16. Bd2 Qb6 {and the _|_ can only be
better for Black}) 15... Qf6 16. Bd2 Rg8 17. Rfe1 Bc6 {(Lobron-Vatter,
Bundesliga 1987)} 18. Rxe6+ $5 Qxe6 19. Re1 Qxe1+ 20. Bxe1 Rg6 21. Bc3 $11) (
11... Kf8 12. O-O (12. Bf4 $6 {runs into} e5 {and the black pieces come out of
passivity.} 13. dxe5 Nxe5 14. Qg3 Nxd3+ 15. cxd3 Qe7+ 16. Kd2 Bxf4+ 17. Qxf4 g5
18. Qc4 Kg7 19. Qc3+ Qf6 20. Rhe1 Qxc3+ 21. bxc3 Be6 $15 {Palac-Dizdarevic,
Pula op 1996}) 12... Qc7 {10....Qc7 11.Qg4 Kf8 12.0-0 c5}) 12. c3 ({The simple
developing move} 12. Be3 $5 {looks more natural.} cxd4 (12... b6 13. Be4 $1 {
occupying the long /^ first is the best answer.} (13. O-O-O {allows Black to
fianchetto his B.} Bb7 (13... a6 $2 {is losing precious time.} 14. Nd2 Bb7 15.
Be4 Bd5 $2 16. Bxd5 exd5 17. Ne4 $1 $18 {1-0 Levitt-Piankov, corr 1991}) 14.
Bb5 (14. Nd2 {is strongly met by} h5 $1 {for example:} 15. Qh3 cxd4 16. Ne4
Bxe4 17. Bxe4 dxe3 18. Bxa8 (18. Rxd6 exf2 19. Qd3 Qf4+ 20. Kb1 Nc5 21. Bc6+
Ke7 22. Rd7+ Nxd7 23. Qxd7+ Kf6 $19) 18... Ba3 $19) 14... O-O-O $13) 13... Rb8
14. O-O-O $14) 13. Bxd4 (13. Nxd4 Ne5 14. Bb5+ Ke7 {As in many cases in this
variation the K on e7 is not so badly placed as it looks like at first sight.}
15. Qe4 Qg6 $132) 13... e5 14. Qe4 Qe7 15. Bc3 a6 16. Qe2 O-O (16... Bb4 17.
Bxb4 Qxb4+ 18. c3 $14) 17. O-O-O $14 {and White has a significant lead of
development.}) 12... cxd4 13. cxd4 (13. Qxd4 {allows the push in the [+]} e5)
13... b6 $1 {/\ Bb7 successfully blockading >< d5. In the long run the
isolated P on d4 may become a real weakness.} 14. O-O (14. Be4 Rb8 (14... Bb4+
$5 {Shipov}) 15. O-O O-O 16. Bc6 (16. d5 $2 Nc5) 16... Rd8 17. Qe4 Qe7 {
/\ Nf6 solving Black's opening problems.}) 14... Bb7 15. Be3 h5 (15... Bxf3 $5
{immediately gives the white Q extra possibilities,} 16. gxf3 O-O 17. Qe4 {
although after} Rfd8 $132 {there is no real mating threat.}) 16. Qh3 Bxf3 {
Now the Q is much worse than before.} 17. gxf3 Rd8 {White's P structure is
corrupted, his ^^ is his only chance.} 18. Rac1 g5 $5 {Black's chances are
already better.} 19. Be4 Ke7 {The K is safe in the [+] again.} 20. Rfe1 Bf4 (
20... g4 {continuing the advance on the >> was the other plan.} 21. Qg2 Rhg8
22. Kh1 gxf3 (22... Qh4 23. f4 Qf6 $5 {weakening >< f4 deserves attention.})
23. Qxf3 Qh4 24. h3 Nf6 25. Bd3 Nd5 $15 {with an excellent blockading N on d5.}
) 21. Bxf4 Qxf4 (21... gxf4) 22. d5 $1 {White has to open up the position,
otherwise Black's task is much easier.} Ne5 23. dxe6 (23. Rc7+ $5 Kd6 24. Rxa7
$1 exd5 25. Rd1 Kc6 26. Bc2 Nxf3+ 27. Kg2 g4 28. Qg3 {and at least White's
pieces are more active than before.}) 23... f5 $1 {Now White is forced to
sacrifice the B.} 24. Rc7+ (24. Qxf5 $2 Qxf5 25. Bxf5 Nxf3+ $19) (24. Bb7 Nd3
$17) 24... Kd6 25. Rxa7 fxe4 26. e7 {White is finding new and new tactical
threats in this critical for him position.} (26. Rd1+ Kc6) 26... Nxf3+ 27. Kf1
Rde8 28. Qd7+ Ke5 29. Rd1 (29. Qb5+ Kf6 30. Qxb6+ Kg7 $19 {and the K is in
safety.}) 29... Kf6 30. Qc6+ Kf7 31. Rd8 Nxh2+ 32. Ke1 Ng4 ({missing the strong
} 32... e3 $1) 33. Qxb6 e3 34. Qb3+ Kg7 35. Qc3+ Qf6 (35... Kf7 $5 36. Qb3+ Kf6
$1 37. Ra6+ (37. Qc3+ Qe5) 37... Kg7 {triangulating with the K as in the P _|_!
} 38. Qc3+ Qe5 39. Qxe5+ Nxe5 {looks also tempting for Black.}) 36. fxe3 Qxc3+
37. bxc3 Ne5 $6 {Black goes astray with this move followed by another mistake.}
(37... Nxe3) (37... h4 $1) 38. Rd5 Kf6 $2 (38... Nf3+ {was still winning after}
39. Kf2 g4 40. Kg3 h4+ 41. Kxg4 h3 42. Kxf3 h2 43. Rd1 h1=Q+ $19) 39. e4 $1
Nf3+ 40. Kf2 g4 41. Kg3 Rh7 (41... h4+ {and push the P was a real alternative,
for example:} 42. Kxg4 h3 43. Ra6+ Kf7 $1 (43... Kxe7 44. Ra7+) (43... Kg7 44.
Kxf3 h2) 44. Rf5+ Kg7 45. Rxf3 h2 46. Ra5 Rh4+ $1 $19) 42. Rf5+ Kg6 (42... Ke6
{is already met by} 43. Raa5 $1 Rexe7 44. Rxh5 Rxh5 45. Rxh5 Ne5 46. Kf4 Rf7+
47. Rf5) 43. Ra6+ Kg7 44. Ra7 Kg6 (44... h4+ $1 {was the last chance for Black.
} 45. Kxg4 h3 46. Rf8 (46. Rxf3 h2 47. Ra5 Rh4+ $1) 46... Ne5+ 47. Kf4 h2 48.
Rxe8 h1=Q 49. Rg8+ Kf6 $1 50. Rf8+ (50. e8=N+ Ke6 $19 {Shipov}) 50... Rf7 51.
Rxf7+ Kxf7 52. Kxe5 Qh8+) 45. Ra6+ Kg7 46. Ra7 Rh6 47. Rd7 Re6 48. Rxh5 Rxe4
49. Rf5 Ne5 50. Rc7 Re1 51. a4 Nf7 52. a5 Nh6 53. Rf4 R8xe7 54. Rxe7+ Rxe7 55.
a6 Re3+ 56. Kg2 Rxc3 57. Ra4 Rc8 58. a7 Ra8 59. Kg3 Kf6 60. Kf4 Ke7 61. Ra6 Nf7
62. Kxg4 $11 {eliminating the last P White can easily hold the R versus R+N
_|_.} Kd7 63. Kf5 Nd6+ 64. Kf4 Nb5 65. Ke5 Kc7 66. Kd5 Kb7 67. Ra1 Nxa7 68.
Rb1+ Kc7 69. Rc1+ Kb6 70. Rb1+ Nb5 71. Kc4 Rc8+ 72. Kd5 Rc5+ 73. Ke4 Kc6 74.
Ra1 Nd6+ 75. Kd4 Rd5+ 76. Ke3 Kd7 77. Ra8 Ke6 78. Ra7 Kf5 79. Rc7 Re5+ 80. Kd3
Rd5+ 81. Ke3 Ne4 82. Rc4 Nc5 83. Rc3 Ke5 84. Ra3 Rd4 85. Rc3 Kd5 86. Ra3 Re4+
87. Kf3 Re8 88. Re3 Rf8+ 89. Ke2 Kd4 90. Re7 Rf6 91. Re8 Ne6 92. Ra8 Nf4+ 93.
Kf3 Nd3+ 94. Kg4 1/2-1/2

[Event "Linares 18th"]
[Site "Linares"]
[Date "2001.03.06"]
[Round "10"]
[White "Leko, Peter"]
[Black "Karpov, Anatoly"]
[Result "1/2-1/2"]
[WhiteElo "2745"]
[BlackElo "2679"]
[Annotator "Lukacs,P"]
[PlyCount "95"]
[EventDate "2001.02.23"]
[EventType "tourn"]
[EventRounds "10"]
[EventCountry "ESP"]
[EventCategory "19"]
[SourceTitle "CBM 082"]
[Source "ChessBase"]
[SourceDate "2001.05.17"]
[SourceVersion "1"]
[SourceVersionDate "2001.05.17"]
[SourceQuality "1"]

1. e4 c6 2. d4 d5 3. Nc3 dxe4 4. Nxe4 Nd7 5. Ng5 Ngf6 6. Bd3 e6 7. N1f3 Bd6 8.
Qe2 h6 9. Ne4 Nxe4 10. Qxe4 Qc7 11. Qg4 Kf8 12. O-O c5 13. b3 cxd4 $5 $146 {
This is an interesting new idea of Karpov, one of the greatest expert of this
variation.} (13... e5 {was the old continuation, for example:} 14. dxc5 Nxc5
15. Bf5 h5 16. Qh3 Ne6 17. Qh4 Be7 18. Qg3 {The Q has many problems in this
line, she can hardly find a suitable place.} Nf4 19. Bxf4 exf4 20. Qh3 g6 21.
Bxc8 Rxc8 22. c4 {The P structure is better for White because of his virtual P
majority on the <<, but his Q is still out of play.} Kg7 23. Nd4 Rhd8 $11 (
23... Bf6 24. Nb5 (24. Rad1 Rcd8) 24... Qc5 $11 {Gelfand-Speelman, Munich 1992}
)) 14. Qxd4 Ne5 $1 15. Bb2 $1 {The activity of the pieces, the development is
more important for White than the corruption of the P structure.} (15. Nxe5
Bxe5 16. Qb4+ Kg8 17. Ba3 Bd7 $17) 15... Nxf3+ 16. gxf3 f6 ({accepting the P
sac gives White extra tactical possibilities.} 16... Bxh2+ 17. Kg2 (17. Kh1)
17... f6 18. Bg6 $1 Bd7 $1 (18... b6 $6 19. Ba3+ Kg8 20. Qe4 Rb8 21. Rad1 $44 {
with an enormous lead of development for White.}) 19. Rad1 Be8 $1 (19... Bc6
20. Qb4+ (20. Ba3+ Kg8) (20. Rd3 Be5 21. Ba3+ Kg8 22. Qg4 f5 23. Qh5 $44) 20...
Kg8 21. Qg4 $40) 20. Bxe8 (20. Qb4+ Kg8 21. Qg4 Bxg6 (21... f5 22. Qh5) 22.
Qxg6 Bf4 $1 (22... Rf8 23. Ba3 Rf7 (23... Rc8 24. Rd3) 24. Rd3 $44 {and the R
on h8 is really pathetic.})) (20. Ba3+ Kg8) (20. Qe4 Bxg6 21. Qxg6 Bf4) 20...
Rxe8 21. Qa4 $44) 17. Qh4 Be5 18. Ba3+ Kg8 19. Rad1 Bd7 20. Rfe1 b5 (20... g5
$5 {is Karpov's favourite move in this variation.} 21. Qh3 (21. Qh5 Be8 22. Qh3
(22. Bg6 Kg7) 22... Bf7 23. Bc4 Re8 $13) 21... Kg7 22. c4 $13) 21. c4 $1 g5 $1
{Just in time!} (21... bxc4 22. Bxc4 $14) 22. Qh5 (22. Qe4 Bc6 23. Qg6+ Qg7 24.
Qxg7+ Kxg7 25. Be4 Bxe4 26. Rd7+ Kg6 27. fxe4 bxc4 28. bxc4 Rhd8 $11 {and the
_|_ is not worse for Black.}) 22... Be8 23. Qh3 (23. Bg6 Kg7) 23... Bf7 24.
cxb5 Kg7 25. Rc1 Qa5 26. Bc5 (26. Rxe5 $5 Qxa3 ({accepting the exchange
sacrifice leads to fatal consequences after} 26... fxe5 $2 27. Bb2 $16) 27.
Ree1 (27. Rc7 $2 fxe5 28. Qxe6 {is strongly punished by} Qc1+ $1 $19) 27...
Rac8 28. Bc4 (28. Rxc8 Rxc8 29. Rxe6 $5 Bxe6 30. Qxe6 $44) 28... Rhd8 $1 (28...
e5 29. Rcd1) 29. Rb1 (29. Rcd1 Qxa2 $1) 29... Qxa2 30. Bxe6 Rc7 $14) 26... Qxa2
27. Re2 Qa5 28. Rxe5 $1 {The B on e5 was simply too strong. White has
sufficient compensation for the exchange, but is it more than that?} Qd2 $1 {
This is an important inserting of moves.} (28... fxe5 29. Bd6 $44) 29. Qf1 fxe5
30. Be4 (30. Bd6 {deserves attention.} Rhd8 (30... Kf6 $2 31. Rc2 Qa5 32. Rc5
$16) 31. Bxe5+ Kg8 32. Bc4 $1 $44 (32. Be4 Rac8)) 30... Rac8 31. Rd1 Qa2 (31...
Qb2 32. Rb1 Qd2 33. Bxa7 {and the b o^ is very dangerous.}) 32. b4 Rhd8 33. Ra1
Qb3 34. Qe2 Rc7 $6 (34... Rd7 {was simpler.} 35. Kg2 $1 Rcd8 (35... Qc3 $6 36.
Rxa7 Rxa7 37. Bxa7 Rd8 38. Bc5 Rd2 $2 39. Qe1 $16 {and the b o^ has a bright
future.}) 36. Bc2 $1 Qc3 37. Qe4 $11) 35. b6 $1 $14 (35. Kg2 $5) 35... axb6 36.
Bxb6 Qc3 37. Qe1 Rb8 38. Bxc7 Qxc7 {White now has a remote o^, but the
position is very difficult.} 39. Ra5 $6 (39. Bd3 $14 {was the best chance with
many threats.}) 39... Kf6 $1 $11 40. Bc6 Be8 41. Bxe8 Rxe8 {The _|_ with Q and
R is rather drawish.} 42. Rc5 Qd6 43. Qe4 Re7 44. Kg2 Ra7 45. Ra5 Rc7 46. Ra1
Qd5 47. Rb1 Rc4 48. Qxd5 1/2-1/2

[Event "Japfa Classic"]
[Site "Bali"]
[Date "2000.04.25"]
[Round "4"]
[White "Polgar, Judit"]
[Black "Karpov, Anatoly"]
[Result "1/2-1/2"]
[WhiteElo "2658"]
[BlackElo "2696"]
[Annotator "Lukacs,P"]
[PlyCount "79"]
[EventDate "2000.04.22"]
[EventType "tourn"]
[EventRounds "9"]
[EventCountry "INA"]
[EventCategory "16"]
[SourceTitle "CBM 077"]
[Source "ChessBase"]
[SourceDate "2000.07.27"]
[SourceVersion "1"]
[SourceVersionDate "2000.07.27"]
[SourceQuality "1"]

1. e4 c6 2. d4 d5 3. Nc3 dxe4 4. Nxe4 Nd7 5. Ng5 Ngf6 6. Bd3 e6 7. N1f3 Bd6 8.
Qe2 h6 9. Ne4 Nxe4 10. Qxe4 Qc7 11. Qg4 Kf8 {This is Karpov's favourite line
against the modern variation.} 12. Nd2 {There are certainly many other tries
here. White wants to activate his N on c4.} e5 13. Nc4 Nb6 $1 $146 {This is an
important novelty here.} (13... Nc5 {- Anand-Karpov, Dos Hermanas 1999 CBM 71})
14. Qh4 (14. Qe4 Nxc4 ({In case of} 14... f5 $6 15. Qh4 {is already stronger,
because White has created some weaknesses on the >>.} Nxc4 (15... e4 16. Be2
$14) 16. Bxc4 $36) 15. Bxc4 exd4 16. Qxd4 Bf5 (16... Be5 17. Qh4 Bf5 {- 14.Qh4}
) 17. Bb3 Re8+ 18. Be3 c5 19. Qc4 Be6 20. Qc3 Bxb3 21. axb3 b6 22. O-O-O Be5
23. Qd3 g6 24. Qd7 Kg7 $11) 14... Nxc4 15. Bxc4 Bf5 $1 {Now Black is playing
for an advantage!} (15... exd4 16. Qxd4 {- 14.Qe4}) 16. dxe5 Bxe5 17. O-O $2 {
White gives a P for some activity, but this is not quite sufficient.} (17. Bb3
Rd8 18. O-O Rd4 19. f4 Re4 20. c3 Qb6+ 21. Kh1 Bf6 $15 {and suddenly White has
problems with his development.}) 17... Bxc2 (17... g5 $5 18. Qh5 Bxc2 {is also
interesting.}) 18. Re1 Bg6 (18... Re8 19. Be3 (19. Bd2 g5 $1) 19... g5 $1 $19 {
with a healthy P up.}) 19. f4 $5 {White has to play actively.} (19. Re2 Kg8 20.
Be3 Kh7 $17 {and connecting the rooks on the eights rank, Black can begin to
convert his P advantage.}) 19... Bd4+ (19... Bf6 {was also tempting.} 20. Qh3 (
20. Qf2 Qb6 21. Be3 Qxb2 $19) (20. Qg4 h5 21. Qg3 h4) 20... Qa5 21. Be3 Kg8)
20. Be3 Qb6 (20... Bxb2 21. Rad1 Bf6 22. Qg4 Qa5) 21. Qf2 Bxe3 (21... c5 22.
Rad1 Rd8 23. Bxd4 cxd4 24. Re5 $44) (21... Rd8 22. Rad1) 22. Rxe3 {White has
to keep the queens on the board.} (22. Qxe3 $6 Qxe3+ 23. Rxe3 Re8 24. Rae1 Rxe3
25. Rxe3 h5 26. Kf2 h4 27. b4 Rh5 $17) 22... Re8 23. Rae1 Rxe3 24. Rxe3 {
and Black is still suffering because of his undeveloped R.} Bf5 25. Kf1 $6 {
This is a serious inaccuracy.} (25. Kh1 Qd8 26. Re5 g6 27. Qxa7 {gets back the
P.} Kg7 $11) 25... Qd8 26. Qe1 (26. Re5 Bd3+ 27. Bxd3 Qxd3+ 28. Kg1 b6) 26...
b6 27. Qb4+ c5 (27... Kg8 {allows the penetration after} 28. Qe7) 28. Qa4 (28.
Qc3 Kg8 29. h3) 28... g5 $2 {Black gives back the material without any fight.}
(28... a5 {was the last chance to fight for an advantage in the _|_.} 29. Qc6 (
29. Bd5 g5 $1 30. Qc6 gxf4 31. Rf3 Kg7 32. Rxf4 Qg5 33. g3 Rd8 $17) 29... g6
30. Bd5 (30. Qb7 Qd1+ 31. Kf2 (31. Re1 Bd3+) 31... Qc2+ 32. Be2 Qxb2 $19) 30...
Bd7 (30... Kg7 31. Qb7 Bd7) 31. Qd6+ Kg7 32. Kf2 Ba4 33. Qe5+ Qf6 $17) 29. fxg5
hxg5 30. Qxa7 {Now materially it is equal again.} Bg6 (30... Qd1+ 31. Re1 Bd3+
32. Bxd3 Qxd3+ 33. Re2 $11) 31. h3 Kg7 32. Qe7 Qd4 33. Qe5+ Qxe5 34. Rxe5 Rh4
35. b3 g4 36. hxg4 Rxg4 37. Re7 Rf4+ 38. Kg1 Rf6 39. a4 Bf5 40. a5 1/2-1/2